|
|
|
|
| LEADER |
00000cam a22000004a 4500 |
| 001 |
musev2_3063 |
| 003 |
MdBmJHUP |
| 005 |
20230905040405.0 |
| 006 |
m o d |
| 007 |
cr||||||||nn|n |
| 008 |
050713s2005 txu o 00 0 eng d |
| 010 |
|
|
|z 2005020020
|
| 020 |
|
|
|a 9780292796225
|
| 020 |
|
|
|z 0292709706
|
| 020 |
|
|
|z 0292796226
|
| 020 |
|
|
|z 9780292709706
|
| 035 |
|
|
|a (OCoLC)605091664
|
| 040 |
|
|
|a MdBmJHUP
|c MdBmJHUP
|
| 043 |
|
|
|a s-bl---
|a e-po---
|
| 050 |
0 |
4 |
|a F2526
|b .M48 2005
|
| 082 |
0 |
|
|a 981/.032
|2 22
|
| 100 |
1 |
|
|a Metcalf, Alida C.,
|d 1954-
|
| 245 |
1 |
0 |
|a Go-betweens and the Colonization of Brazil :
|b 1500-1600 /
|c Alida C. Metcalf.
|
| 250 |
|
|
|a 1st ed.
|
| 264 |
|
1 |
|a Austin :
|b University of Texas Press,
|c 2005.
|
| 264 |
|
3 |
|a Baltimore, Md. :
|b Project MUSE,
|c 2012
|
| 264 |
|
4 |
|c ©2005.
|
| 300 |
|
|
|a 1 online resource (391 pages):
|b ill., maps ;
|
| 336 |
|
|
|a text
|b txt
|2 rdacontent
|
| 337 |
|
|
|a computer
|b c
|2 rdamedia
|
| 338 |
|
|
|a online resource
|b cr
|2 rdacarrier
|
| 504 |
|
|
|a Includes bibliographical references (p. [335]-362) and index.
|
| 505 |
0 |
|
|a Go-betweens -- Encounter -- Possession -- Conversion -- Biology -- Slavery -- Resistance -- Power.
|
| 588 |
|
|
|a Description based on print version record.
|
| 651 |
|
0 |
|a Brazil
|x History
|y 16th century.
|
| 651 |
|
0 |
|a Brazil
|x Colonization.
|
| 650 |
|
0 |
|a Conquerors
|z Brazil
|x History
|y 16th century.
|
| 650 |
|
0 |
|a Conquerors
|z Portugal
|x History
|y 16th century.
|
| 650 |
|
0 |
|a Indians of South America
|z Brazil
|x First contact with Europeans.
|
| 655 |
|
7 |
|a Electronic books.
|2 local
|
| 710 |
2 |
|
|a Project Muse.
|e distributor
|
| 830 |
|
0 |
|a Book collections on Project MUSE.
|
| 856 |
4 |
0 |
|z Texto completo
|u https://projectmuse.uam.elogim.com/book/3063/
|
| 945 |
|
|
|a Project MUSE - Custom Collection
|
| 945 |
|
|
|a Project MUSE - Archive Complete Foundation
|
| 945 |
|
|
|a Project MUSE - Archive Archaeology and Anthropology Foundation
|
| 945 |
|
|
|a Project MUSE - Archive Native American and Indigenous Studies Foundation
|